<?xml version="1.0" encoding="UTF-8"?>
<collection xmlns="http://www.loc.gov/MARC21/slim">
 <record>
  <leader>06361cam a2201237 c 4500</leader>
  <controlfield tag="001">1806572532</controlfield>
  <controlfield tag="003">DE-627</controlfield>
  <controlfield tag="005">20260407213438.0</controlfield>
  <controlfield tag="007">tu</controlfield>
  <controlfield tag="008">220608s2023    gw ||||| m    00| ||ger c</controlfield>
  <datafield tag="010" ind1=" " ind2=" ">
   <subfield code="a">  2023464414</subfield>
  </datafield>
  <datafield tag="015" ind1=" " ind2=" ">
   <subfield code="a">22,N23</subfield>
   <subfield code="2">dnb</subfield>
  </datafield>
  <datafield tag="015" ind1=" " ind2=" ">
   <subfield code="a">22,N23</subfield>
   <subfield code="2">dnb</subfield>
  </datafield>
  <datafield tag="016" ind1="7" ind2=" ">
   <subfield code="a">1258800845</subfield>
   <subfield code="2">DE-101</subfield>
  </datafield>
  <datafield tag="020" ind1=" " ind2=" ">
   <subfield code="a">3786128928</subfield>
   <subfield code="9">3-7861-2892-8</subfield>
  </datafield>
  <datafield tag="020" ind1=" " ind2=" ">
   <subfield code="a">9783786128922</subfield>
   <subfield code="q">: circa EUR 79.00 (DE), circa EUR 81.30 (AT)</subfield>
   <subfield code="9">978-3-7861-2892-2</subfield>
  </datafield>
  <datafield tag="024" ind1="3" ind2=" ">
   <subfield code="a">9783786128922</subfield>
  </datafield>
  <datafield tag="028" ind1="5" ind2="2">
   <subfield code="a">302892</subfield>
  </datafield>
  <datafield tag="035" ind1=" " ind2=" ">
   <subfield code="a">(DE-627)1806572532</subfield>
  </datafield>
  <datafield tag="035" ind1=" " ind2=" ">
   <subfield code="a">(DE-603)497935155</subfield>
  </datafield>
  <datafield tag="035" ind1=" " ind2=" ">
   <subfield code="a">(DE-599)DNB1258800845</subfield>
  </datafield>
  <datafield tag="035" ind1=" " ind2=" ">
   <subfield code="a">(OCoLC)1327676215</subfield>
  </datafield>
  <datafield tag="035" ind1=" " ind2=" ">
   <subfield code="a">(OCoLC)1370626329</subfield>
  </datafield>
  <datafield tag="035" ind1=" " ind2=" ">
   <subfield code="a">(OCoLC)1371314915</subfield>
  </datafield>
  <datafield tag="040" ind1=" " ind2=" ">
   <subfield code="a">DE-627</subfield>
   <subfield code="b">ger</subfield>
   <subfield code="c">DE-627</subfield>
   <subfield code="e">rda</subfield>
  </datafield>
  <datafield tag="041" ind1=" " ind2=" ">
   <subfield code="a">ger</subfield>
  </datafield>
  <datafield tag="044" ind1=" " ind2=" ">
   <subfield code="c">XA-DE-BE</subfield>
  </datafield>
  <datafield tag="050" ind1=" " ind2="0">
   <subfield code="a">ND623.T5</subfield>
  </datafield>
  <datafield tag="072" ind1=" " ind2="7">
   <subfield code="a">1580</subfield>
   <subfield code="2">wsb</subfield>
  </datafield>
  <datafield tag="082" ind1="0" ind2=" ">
   <subfield code="a">759.5</subfield>
   <subfield code="q">DE-101</subfield>
   <subfield code="2">23/ger</subfield>
  </datafield>
  <datafield tag="082" ind1="0" ind2="4">
   <subfield code="a">750</subfield>
   <subfield code="q">DE-101</subfield>
  </datafield>
  <datafield tag="084" ind1=" " ind2=" ">
   <subfield code="a">KUNST</subfield>
   <subfield code="q">DE-16</subfield>
   <subfield code="2">fid</subfield>
  </datafield>
  <datafield tag="084" ind1=" " ind2=" ">
   <subfield code="a">LI 88726</subfield>
   <subfield code="q">DE-14/sred</subfield>
   <subfield code="2">rvk</subfield>
   <subfield code="0">(DE-625)rvk/97265:13284</subfield>
  </datafield>
  <datafield tag="084" ind1=" " ind2=" ">
   <subfield code="a">20.31</subfield>
   <subfield code="2">bkl</subfield>
  </datafield>
  <datafield tag="084" ind1=" " ind2=" ">
   <subfield code="a">21.02</subfield>
   <subfield code="2">bkl</subfield>
  </datafield>
  <datafield tag="084" ind1=" " ind2=" ">
   <subfield code="a">20.26</subfield>
   <subfield code="2">bkl</subfield>
  </datafield>
  <datafield tag="084" ind1=" " ind2=" ">
   <subfield code="a">21.85</subfield>
   <subfield code="2">bkl</subfield>
  </datafield>
  <datafield tag="090" ind1=" " ind2=" ">
   <subfield code="a">a</subfield>
  </datafield>
  <datafield tag="100" ind1="1" ind2=" ">
   <subfield code="a">Korte, Torsten</subfield>
   <subfield code="e">VerfasserIn</subfield>
   <subfield code="0">(DE-588)1281991104</subfield>
   <subfield code="0">(DE-627)1837569630</subfield>
   <subfield code="4">aut</subfield>
  </datafield>
  <datafield tag="245" ind1="1" ind2="0">
   <subfield code="a">Tiepolo und das Kostüm</subfield>
   <subfield code="b">Konstruktion von Geschichte im Historienbild</subfield>
   <subfield code="c">Torsten Korte</subfield>
  </datafield>
  <datafield tag="264" ind1=" " ind2="1">
   <subfield code="a">Berlin</subfield>
   <subfield code="b">Gebr. Mann Verlag</subfield>
   <subfield code="c">[2023]</subfield>
  </datafield>
  <datafield tag="264" ind1=" " ind2="4">
   <subfield code="c">© 2023</subfield>
  </datafield>
  <datafield tag="300" ind1=" " ind2=" ">
   <subfield code="a">332 Seiten</subfield>
   <subfield code="b">Illustrationen</subfield>
   <subfield code="c">21 cm</subfield>
  </datafield>
  <datafield tag="336" ind1=" " ind2=" ">
   <subfield code="a">Text</subfield>
   <subfield code="b">txt</subfield>
   <subfield code="2">rdacontent</subfield>
  </datafield>
  <datafield tag="337" ind1=" " ind2=" ">
   <subfield code="a">ohne Hilfsmittel zu benutzen</subfield>
   <subfield code="b">n</subfield>
   <subfield code="2">rdamedia</subfield>
  </datafield>
  <datafield tag="338" ind1=" " ind2=" ">
   <subfield code="a">Band</subfield>
   <subfield code="b">nc</subfield>
   <subfield code="2">rdacarrier</subfield>
  </datafield>
  <datafield tag="502" ind1=" " ind2=" ">
   <subfield code="b">Dissertation</subfield>
   <subfield code="c">Humboldt-Universität zu Berlin</subfield>
   <subfield code="d">2021</subfield>
  </datafield>
  <datafield tag="520" ind1=" " ind2=" ">
   <subfield code="a">Die Anziehungskraft der Malerei von Giambattista Tiepolo (1696-1770) beruht besonders auf der Darstellung von Kostümen. Die Helden und Heldinnen seiner Historienbilder sind in aufwendige, luxuriöse und fantasievolle Gewänder gekleidet. Dabei handelt sich keineswegs um dekoratives Beiwerk - vielmehr setzt Tiepolo historische und orientalisierende Kleider kenntnisreich ein und visualisiert dadurch komplexe Geschichtskonzepte. Anhand ausgewählter Hauptwerke des Künstlers wirft Torsten Korte einen neuen Blick auf diesen bisher kaum beachteten Aspekt. Seine theoretische Reflexion zur Gattung des Historienbildes reicht dabei über das 18. Jahrhundert hinaus</subfield>
  </datafield>
  <datafield tag="583" ind1="1" ind2=" ">
   <subfield code="a">Archivierung/Langzeitarchivierung gewährleistet</subfield>
   <subfield code="f">FID</subfield>
   <subfield code="x">XA-DE-BW</subfield>
   <subfield code="2">pdager</subfield>
   <subfield code="5">DE-16</subfield>
  </datafield>
  <datafield tag="600" ind1="1" ind2="0">
   <subfield code="a">Tiepolo, Giovanni Battista</subfield>
   <subfield code="d">1696-1770</subfield>
   <subfield code="x">Criticism and interpretation</subfield>
   <subfield code="2">DLC</subfield>
  </datafield>
  <datafield tag="600" ind1="1" ind2="7">
   <subfield code="0">(DE-588)118622625</subfield>
   <subfield code="0">(DE-627)145354679</subfield>
   <subfield code="0">(DE-576)163315914</subfield>
   <subfield code="a">Tiepolo, Giambattista</subfield>
   <subfield code="d">1696-1770</subfield>
   <subfield code="2">gnd</subfield>
  </datafield>
  <datafield tag="650" ind1=" " ind2="0">
   <subfield code="a">Clothing and dress in art</subfield>
   <subfield code="2">DLC</subfield>
  </datafield>
  <datafield tag="650" ind1=" " ind2="0">
   <subfield code="a">History in art</subfield>
   <subfield code="2">DLC</subfield>
  </datafield>
  <datafield tag="650" ind1="0" ind2="7">
   <subfield code="0">(DE-588)4025097-0</subfield>
   <subfield code="0">(DE-627)106294849</subfield>
   <subfield code="0">(DE-576)20895919X</subfield>
   <subfield code="a">Historienmalerei</subfield>
   <subfield code="2">gnd</subfield>
  </datafield>
  <datafield tag="650" ind1="0" ind2="7">
   <subfield code="0">(DE-588)4114220-2</subfield>
   <subfield code="0">(DE-627)105823783</subfield>
   <subfield code="0">(DE-576)209482818</subfield>
   <subfield code="a">Kleidung</subfield>
   <subfield code="g">Motiv</subfield>
   <subfield code="2">gnd</subfield>
  </datafield>
  <datafield tag="650" ind1="0" ind2="7">
   <subfield code="0">(DE-588)4071769-0</subfield>
   <subfield code="0">(DE-627)106096982</subfield>
   <subfield code="0">(DE-576)20918485X</subfield>
   <subfield code="a">Geschichtsbild</subfield>
   <subfield code="2">gnd</subfield>
  </datafield>
  <datafield tag="650" ind1=" " ind2="4">
   <subfield code="a">ART / European</subfield>
  </datafield>
  <datafield tag="650" ind1=" " ind2="4">
   <subfield code="a">ART / History / Baroque &amp; Rococo</subfield>
  </datafield>
  <datafield tag="650" ind1=" " ind2="4">
   <subfield code="a">ART / Individual Artist</subfield>
  </datafield>
  <datafield tag="650" ind1=" " ind2="4">
   <subfield code="a">Art &amp; design styles: Baroque</subfield>
  </datafield>
  <datafield tag="650" ind1=" " ind2="4">
   <subfield code="a">Barock</subfield>
  </datafield>
  <datafield tag="650" ind1=" " ind2="4">
   <subfield code="a">History of art / art &amp; design styles</subfield>
  </datafield>
  <datafield tag="650" ind1=" " ind2="4">
   <subfield code="a">Individual artists, art monographs</subfield>
  </datafield>
  <datafield tag="650" ind1=" " ind2="4">
   <subfield code="a">Kunstgeschichte</subfield>
  </datafield>
  <datafield tag="650" ind1=" " ind2="4">
   <subfield code="a">einzelne Künstler, Künstlermonografien</subfield>
  </datafield>
  <datafield tag="651" ind1=" " ind2="4">
   <subfield code="a">Europa</subfield>
  </datafield>
  <datafield tag="651" ind1=" " ind2="4">
   <subfield code="a">Europe</subfield>
  </datafield>
  <datafield tag="655" ind1=" " ind2="7">
   <subfield code="a">Hochschulschrift</subfield>
   <subfield code="0">(DE-588)4113937-9</subfield>
   <subfield code="0">(DE-627)105825778</subfield>
   <subfield code="0">(DE-576)209480580</subfield>
   <subfield code="2">gnd-content</subfield>
  </datafield>
  <datafield tag="689" ind1="0" ind2="0">
   <subfield code="d">p</subfield>
   <subfield code="0">(DE-588)118622625</subfield>
   <subfield code="0">(DE-627)145354679</subfield>
   <subfield code="0">(DE-576)163315914</subfield>
   <subfield code="a">Tiepolo, Giambattista</subfield>
   <subfield code="d">1696-1770</subfield>
   <subfield code="2">gnd</subfield>
  </datafield>
  <datafield tag="689" ind1="0" ind2="1">
   <subfield code="d">s</subfield>
   <subfield code="0">(DE-588)4025097-0</subfield>
   <subfield code="0">(DE-627)106294849</subfield>
   <subfield code="0">(DE-576)20895919X</subfield>
   <subfield code="a">Historienmalerei</subfield>
   <subfield code="2">gnd</subfield>
  </datafield>
  <datafield tag="689" ind1="0" ind2="2">
   <subfield code="d">s</subfield>
   <subfield code="0">(DE-588)4114220-2</subfield>
   <subfield code="0">(DE-627)105823783</subfield>
   <subfield code="0">(DE-576)209482818</subfield>
   <subfield code="a">Kleidung</subfield>
   <subfield code="g">Motiv</subfield>
   <subfield code="2">gnd</subfield>
  </datafield>
  <datafield tag="689" ind1="0" ind2="3">
   <subfield code="d">s</subfield>
   <subfield code="0">(DE-588)4071769-0</subfield>
   <subfield code="0">(DE-627)106096982</subfield>
   <subfield code="0">(DE-576)20918485X</subfield>
   <subfield code="a">Geschichtsbild</subfield>
   <subfield code="2">gnd</subfield>
  </datafield>
  <datafield tag="689" ind1="0" ind2=" ">
   <subfield code="5">DE-101</subfield>
  </datafield>
  <datafield tag="689" ind1="1" ind2="0">
   <subfield code="d">p</subfield>
   <subfield code="0">(DE-588)118622625</subfield>
   <subfield code="0">(DE-627)145354679</subfield>
   <subfield code="0">(DE-576)163315914</subfield>
   <subfield code="a">Tiepolo, Giambattista</subfield>
   <subfield code="d">1696-1770</subfield>
   <subfield code="2">gnd</subfield>
  </datafield>
  <datafield tag="689" ind1="1" ind2="1">
   <subfield code="d">s</subfield>
   <subfield code="0">(DE-588)4025097-0</subfield>
   <subfield code="0">(DE-627)106294849</subfield>
   <subfield code="0">(DE-576)20895919X</subfield>
   <subfield code="a">Historienmalerei</subfield>
   <subfield code="2">gnd</subfield>
  </datafield>
  <datafield tag="689" ind1="1" ind2="2">
   <subfield code="d">s</subfield>
   <subfield code="0">(DE-588)4114220-2</subfield>
   <subfield code="0">(DE-627)105823783</subfield>
   <subfield code="0">(DE-576)209482818</subfield>
   <subfield code="a">Kleidung</subfield>
   <subfield code="g">Motiv</subfield>
   <subfield code="2">gnd</subfield>
  </datafield>
  <datafield tag="689" ind1="1" ind2="3">
   <subfield code="d">s</subfield>
   <subfield code="0">(DE-588)4071769-0</subfield>
   <subfield code="0">(DE-627)106096982</subfield>
   <subfield code="0">(DE-576)20918485X</subfield>
   <subfield code="a">Geschichtsbild</subfield>
   <subfield code="2">gnd</subfield>
  </datafield>
  <datafield tag="689" ind1="1" ind2=" ">
   <subfield code="5">(DE-627)</subfield>
  </datafield>
  <datafield tag="751" ind1=" " ind2=" ">
   <subfield code="a">Berlin</subfield>
   <subfield code="0">(DE-588)4005728-8</subfield>
   <subfield code="0">(DE-627)10482638X</subfield>
   <subfield code="0">(DE-576)208862560</subfield>
   <subfield code="4">uvp</subfield>
  </datafield>
  <datafield tag="776" ind1="1" ind2=" ">
   <subfield code="z">9783786175162</subfield>
   <subfield code="c">E-PDF</subfield>
  </datafield>
  <datafield tag="776" ind1="0" ind2="8">
   <subfield code="i">Erscheint auch als</subfield>
   <subfield code="n">Online-Ausgabe</subfield>
   <subfield code="t">Tiepolo und das Kostüm</subfield>
   <subfield code="d">Berlin : Gebr. Mann Verlag, 2023</subfield>
   <subfield code="h">1 Online-Ressource (332 Seiten)</subfield>
   <subfield code="w">(DE-627)1840995599</subfield>
   <subfield code="z">9783786175162</subfield>
  </datafield>
  <datafield tag="787" ind1="0" ind2="8">
   <subfield code="i">Rezensiert in</subfield>
   <subfield code="a">Kleine, Franziska</subfield>
   <subfield code="t">[Rezension von: Torsten Korte, Tiepolo und das Kostüm. Konstruktion von Geschichte im Historienbild]</subfield>
   <subfield code="d">2023</subfield>
   <subfield code="w">(DE-627)1858181518</subfield>
  </datafield>
  <datafield tag="856" ind1="4" ind2="2">
   <subfield code="u">https://d-nb.info/1258800845/04</subfield>
   <subfield code="m">B:DE-101</subfield>
   <subfield code="q">application/pdf</subfield>
   <subfield code="x">Verlag</subfield>
   <subfield code="3">Inhaltsverzeichnis</subfield>
   <subfield code="7">1</subfield>
  </datafield>
  <datafield tag="856" ind1="4" ind2="2">
   <subfield code="u">http://www.dietmardreier.de/annot/4B56696D677C7C39353936393135387C7C434F50.jpg?sq=1</subfield>
   <subfield code="x">Verlag</subfield>
   <subfield code="3">Cover</subfield>
   <subfield code="7">1</subfield>
  </datafield>
  <datafield tag="856" ind1="4" ind2="2">
   <subfield code="u">https://swbplus.bsz-bw.de/bsz1806572532rez.htm</subfield>
   <subfield code="m">V:DE-576</subfield>
   <subfield code="m">B:DE-16</subfield>
   <subfield code="v">20240330193022</subfield>
   <subfield code="3">Rezension</subfield>
   <subfield code="7">1</subfield>
  </datafield>
  <datafield tag="856" ind1="4" ind2="2">
   <subfield code="u">https://swbplus.bsz-bw.de/bsz1806572532rez-1.htm</subfield>
   <subfield code="m">V:DE-576</subfield>
   <subfield code="m">B:DE-16</subfield>
   <subfield code="v">20240625193038</subfield>
   <subfield code="3">Rezension</subfield>
   <subfield code="7">1</subfield>
  </datafield>
  <datafield tag="856" ind1="4" ind2="2">
   <subfield code="u">https://swbplus.bsz-bw.de/bsz1806572532rez-2.htm</subfield>
   <subfield code="m">V:DE-576</subfield>
   <subfield code="m">B:DE-16</subfield>
   <subfield code="v">20240729193043</subfield>
   <subfield code="3">Rezension</subfield>
   <subfield code="7">1</subfield>
  </datafield>
  <datafield tag="889" ind1=" " ind2=" ">
   <subfield code="w">(DE-627)1837147906</subfield>
  </datafield>
  <datafield tag="935" ind1=" " ind2=" ">
   <subfield code="i">sf</subfield>
  </datafield>
  <datafield tag="936" ind1="r" ind2="v">
   <subfield code="a">LI 88726</subfield>
   <subfield code="b">der Künstler als Maler</subfield>
   <subfield code="k">Kunstgeschichte</subfield>
   <subfield code="k">Künstler-Monografien</subfield>
   <subfield code="k">Alphabetische Künstlerliste</subfield>
   <subfield code="k">Künstler T</subfield>
   <subfield code="k">Tiepolo, Giovanni Battista (bis 88730)</subfield>
   <subfield code="k">der Künstler als Maler</subfield>
   <subfield code="0">(DE-627)1272009645</subfield>
   <subfield code="0">(DE-625)rvk/97265:13284</subfield>
   <subfield code="0">(DE-576)202009645</subfield>
  </datafield>
  <datafield tag="936" ind1="b" ind2="k">
   <subfield code="a">20.31</subfield>
   <subfield code="j">Bildende Künstler</subfield>
   <subfield code="0">(DE-627)181571080</subfield>
  </datafield>
  <datafield tag="936" ind1="b" ind2="k">
   <subfield code="a">21.02</subfield>
   <subfield code="j">Geschichte der Malerei</subfield>
   <subfield code="0">(DE-627)106406698</subfield>
  </datafield>
  <datafield tag="936" ind1="b" ind2="k">
   <subfield code="a">20.26</subfield>
   <subfield code="j">Geschichte</subfield>
   <subfield code="x">Ikonographie</subfield>
   <subfield code="0">(DE-627)106423630</subfield>
  </datafield>
  <datafield tag="936" ind1="b" ind2="k">
   <subfield code="a">21.85</subfield>
   <subfield code="j">Modedesign</subfield>
   <subfield code="0">(DE-627)106421301</subfield>
  </datafield>
  <datafield tag="936" ind1="s" ind2="n">
   <subfield code="a">l300</subfield>
   <subfield code="2">mzub</subfield>
  </datafield>
  <datafield tag="951" ind1=" " ind2=" ">
   <subfield code="a">BO</subfield>
  </datafield>
  <datafield tag="990" ind1=" " ind2=" ">
   <subfield code="a">Tiepolo, Giambattista</subfield>
  </datafield>
  <datafield tag="990" ind1=" " ind2=" ">
   <subfield code="a">Historienmalerei</subfield>
  </datafield>
  <datafield tag="990" ind1=" " ind2=" ">
   <subfield code="a">Kleidung</subfield>
  </datafield>
  <datafield tag="990" ind1=" " ind2=" ">
   <subfield code="a">Geschichtsbild</subfield>
  </datafield>
  <datafield tag="990" ind1=" " ind2=" ">
   <subfield code="a">Tiepolo, Giambattista</subfield>
  </datafield>
  <datafield tag="990" ind1=" " ind2=" ">
   <subfield code="a">Historienmalerei</subfield>
  </datafield>
  <datafield tag="990" ind1=" " ind2=" ">
   <subfield code="a">Kleidung</subfield>
  </datafield>
  <datafield tag="990" ind1=" " ind2=" ">
   <subfield code="a">Geschichtsbild</subfield>
  </datafield>
  <datafield tag="991" ind1=" " ind2=" ">
   <subfield code="a">Rezensiertes Werk</subfield>
  </datafield>
  <datafield tag="999" ind1=" " ind2=" ">
   <subfield code="a">KXP-PPN1806572532</subfield>
   <subfield code="e">4399270209</subfield>
  </datafield>
 </record>
</collection>
